书目信息 |
| 题名: |
台球取胜术
|
|
| 作者: | 吕佩 , 冯采 编著 | |
| 分册: | ||
| 出版信息: | 北京 人民体育出版社 2001 |
|
| 页数: | 317页 | |
| 开本: | 20cm | |
| 丛书名: | ||
| 单 册: | ||
| 中图分类: | G893 | |
| 科图分类: | ||
| 主题词: | 文娱性体育活动 , 台球--基本知识 | |
| 电子资源: | ||
| ISBN: | 7-5009-2050-4 | |
| 000 | 00612nam0 2200217 45 | |
| 001 | 0311111421 | |
| 005 | 20031219104121.1 | |
| 010 | @a7-5009-2050-4@dCNY16.00 | |
| 100 | @a20031111d2001 km y0chiy0120 ea | |
| 101 | 0 | @achi |
| 105 | @aa z 000yy | |
| 200 | 1 | @a台球取胜术@ATai Qiu Qu Sheng Shu@f吕佩,冯采编著@FLu Pei,Feng Cai Bian Zhu |
| 210 | @a北京@c人民体育出版社@d2001 | |
| 215 | @a317页@c插图@d20cm | |
| 606 | 0 | @a文娱性体育活动 |
| 606 | 0 | @a台球@x基本知识 |
| 690 | @aG893@v4 | |
| 701 | 0 | @a吕佩@4编著 |
| 701 | 0 | @a冯采@4编著 |
| 801 | @aCN@bTSTC@c20031111 | |
| 905 | @a213230@b327798-802@dG893@e167@f5 | |
| 台球取胜术/吕佩,冯采编著.-北京:人民体育出版社,2001 |
| 317页:插图;20cm |
| ISBN 7-5009-2050-4:CNY16.00 |
| ● |
| 相关链接 |
|
|
|
|
正题名:台球取胜术
索取号:G893/167
 
预约/预借
| 序号 | 登录号 | 条形码 | 馆藏地/架位号 | 状态 | 备注 |
| 1 | 0327798 | 203277989 | 第四借阅区/ [索取号:G893/167] | 在馆 | |
| 2 | 0327799 | 203277998 | 第四借阅区/ [索取号:G893/167] | 在馆 | |
| 3 | 0327800 | 203278005 | 第四借阅区/ [索取号:G893/167] | 在馆 | |
| 4 | 0327801 | 203278014 | 第四借阅区/ [索取号:G893/167] | 在馆 | |
| 5 | 0327802 | 203278023 | 第一样本阅览室/ [索取号:G893/167] | 在馆 |